[Event "4NCL Division 1 & 2"]
[Site "Daventry, ENG"]
[Date "2022.06.26"]
[Round "11.107"]
[White "White, Stuart A"]
[Black "Forster, Matthew"]
[Result "0-1"]
[WhiteElo "2023"]
[BlackElo "2100"]
[PlyCount "57"]
[EventDate "2022.06.26"]
[WhiteTeam "Alba"]
[BlackTeam "Sussex Martlets 1"]

1. d4 d5 2. c4 dxc4 3. e3 Nf6 4. Bxc4 e6 5. Nf3 a6 6. O-O c5 7. Nbd2 b5 8. Bd3
Nc6 9. a4 Rb8 10. axb5 axb5 11. Qe2 c4 12. Bb1 Be7 13. Re1 Qc7 14. e4 e5 15.
dxe5 Ng4 16. h3 Ngxe5 17. Nxe5 Nxe5 18. Nf3 Bd6 19. Nd4 O-O 20. Be3 f6 21. f4
Nf7 22. g3 Bc5 23. Kh2 Re8 24. b3 cxb3 25. Nxb3 Bxe3 26. Qxe3 Be6 27. Qc5 Rbc8
28. Qxb5 Qc3 29. Qa4 0-1

[Event "4NCL Division 1 & 2"]
[Site "Daventry, ENG"]
[Date "2022.06.26"]
[Round "11.108"]
[White "Grant, David J"]
[Black "Gordon, Frederick"]
[Result "1/2-1/2"]
[WhiteElo "2077"]
[BlackElo "1939"]
[PlyCount "63"]
[EventDate "2022.06.26"]
[WhiteTeam "Sussex Martlets 1"]
[BlackTeam "Alba"]

1. e4 c5 2. Nf3 g6 3. d4 cxd4 4. Qxd4 Nf6 5. Nc3 Nc6 6. Qa4 d6 7. e5 dxe5 8.
Nxe5 Bg7 9. Bb5 O-O 10. Nxc6 bxc6 11. Bxc6 Bd7 12. Bxd7 Qxd7 13. Qa6 Ng4 14.
Qe2 Rfc8 15. O-O Ne5 16. Rd1 Qb7 17. Ne4 Rc4 18. f3 Rac8 19. c3 f5 20. Nd2 R4c6
21. Nb3 Nc4 22. Nd4 Rd6 23. b3 e5 24. bxc4 exd4 25. cxd4 Qa6 26. Be3 Qxc4 27.
Qxc4+ Rxc4 28. Rab1 Re6 29. Bf2 Re2 30. Rb8+ Kf7 31. Rb7+ Kg8 32. Rb8+ 1/2-1/2

[Event "4NCL Division 1 & 2"]
[Site "Daventry, ENG"]
[Date "2022.06.26"]
[Round "11.111"]
[White "Kanellopoulos, Panayotis"]
[Black "Modi, Shyam Jagdish"]
[Result "1-0"]
[WhiteElo "2254"]
[BlackElo "2243"]
[PlyCount "62"]
[EventDate "2022.06.26"]
[WhiteTeam "Anglian Avengers"]
[BlackTeam "The Sharks 2"]

1. c4 g6 2. g3 Bg7 3.
Bg2 c5 4. Nc3 Nc6 5. Nf3 d6 6. O-O e6 7. d3 Nge7 8. Bg5 h6 9. Bd2 O-O 10. a3 b6
11. Rb1 Bb7 12. b4 Qd7 13. bxc5 dxc5 14. Nb5 Nf5 15. a4 a5 16. Qc1 Kh7 17. Bc3
Rfd8 18. Bxg7 Kxg7 19. Qb2+ Kg8 20. Nc3 Nb4 21. Ne5 Qc7 22. Nb5 Qe7 23. Ng4 Nd4
24. Bxb7 Qxb7 25. Qd2 h5 26. Nxd4 Rxd4 27. Nf6+ Kg7 28. Qg5 Kf8 29. Qe5 Ke7 30.
Ne4 Rf8 31. Ng5 (31. Qg5+ Kd7 32. Nxc5+ bxc5 33. Qxc5 Rd6 34. Qxa5 Rb6 35. c5
Rc6 36. Rxb4 Qc7 37. Qb5 Ra8 38. d4 Ra5 39. Qd3 Ke7 40. Rfb1 Ra7 41. Rb8 Rca6
42. Qe3 Kf6 43. Qf3+ Kg7 44. R8b7 Rxb7 45. Rxb7) 31... Kd7 1-0

[Event "4NCL Division 1 & 2"]
[Site "Daventry, ENG"]
[Date "2022.06.26"]
[Round "11.112"]
[White "Dilley, Jason M"]
[Black "Maycock Bates, David Henry"]
[Result "0-1"]
[WhiteElo "2191"]
[BlackElo "2224"]
[PlyCount "46"]
[EventDate "2022.06.26"]
[WhiteTeam "The Sharks 2"]
[BlackTeam "Anglian Avengers"]

1. d4 Nf6 2. Bg5 c5 3. Bxf6 gxf6 4. d5 Qb6 5. b3 f5 6. c3 Bg7 7. e3 Qa5 8. Qd2
b5 9. a3 e6 10. Ra2 Qb6 11. dxe6 dxe6 12. Be2 Bb7 13. Bf3 Nc6 14. Bxc6+ Bxc6
15. Nf3 Rg8 16. Qe2 Qb7 17. Nbd2 Bxc3 18. Kf1 O-O-O 19. Rg1 b4 20. a4 Be4 21.
Ne1 Qd5 22. Nxe4 fxe4 23. Qc2 c4 0-1

[Event "4NCL Division 1 & 2"]
[Site "Daventry, ENG"]
[Date "2022.06.26"]
[Round "11.113"]
[White "Lewis, Andrew P"]
[Black "Williams, Samuel G"]
[Result "1-0"]
[WhiteElo "2254"]
[BlackElo "2244"]
[PlyCount "89"]
[EventDate "2022.06.26"]
[WhiteTeam "Anglian Avengers"]
[BlackTeam "The Sharks 2"]

1. c4 e5 2. Nc3 Nf6 3. Nf3 Nc6 4. e4 Bb4 5. d3 d6 6. h3 a6 7. g3 O-O 8. Bg2 b5
9. cxb5 axb5 10. O-O Bxc3 11. bxc3 Be6 12. Rb1 Qd7 13. Kh2 Ne7 14. a3 h6 15.
Re1 Ng6 16. d4 c6 17. Bb2 Qc7 18. Qc2 c5 19. d5 Bc8 20. c4 bxc4 21. Nd2 Ba6 22.
Bc3 Nd7 23. Rb2 Ne7 24. a4 f5 25. Kg1 Kh8 26. a5 Rab8 27. Rxb8 Qxb8 28. Qa4 Qc7
29. exf5 Nf6 30. Nxc4 Nfxd5 31. Ba1 Nb4 32. Ne3 d5 33. Ng4 Nd3 34. Bxe5 Nxe5
35. Nxe5 Rxf5 36. Qe8+ Kh7 37. Nd7 Ng8 38. Re6 Bc8 39. Qg6+ Kh8 40. Qxf5 Qxd7
41. a6 Qc7 42. Qxd5 Bxe6 43. Qxe6 Nf6 44. Qc6 Qe5 45. Kh2 1-0

[Event "4NCL Division 1 & 2"]
[Site "Daventry, ENG"]
[Date "2022.06.26"]
[Round "11.114"]
[White "Modi, Kishan Jagdish"]
[Black "Talsma, Paul"]
[Result "1-0"]
[WhiteElo "2110"]
[BlackElo "2182"]
[PlyCount "81"]
[EventDate "2022.06.26"]
[WhiteTeam "The Sharks 2"]
[BlackTeam "Anglian Avengers"]

1. e4 e5 2. Nf3 Nc6 3. d4 exd4 4. Bc4 Nf6 5. e5 d5 6. Bb5 Ne4 7. Nxd4 Bc5 8.
Be3 O-O 9. Bxc6 bxc6 10. O-O Qe8 11. Nd2 Nxd2 12. Qxd2 Qxe5 13. Nxc6 Bxe3 14.
fxe3 Qxb2 15. Qxd5 Bb7 16. Rxf7 Rxf7 17. Rf1 Kh8 18. Qxf7 h6 19. Nd4 Qc3 20.
Qb3 Qxb3 21. cxb3 Bd5 22. Rc1 c6 23. Rc2 a5 24. Nxc6 a4 25. b4 Bxc6 26. Rxc6
Rd8 27. Rc2 Rd1+ 28. Kf2 Rb1 29. a3 Rb3 30. Ra2 Kg8 31. Kf3 Kf7 32. Ke4 Ke6 33.
Kd4 Kd6 34. e4 Rb1 35. e5+ Kc6 36. Rc2+ Kd7 37. Kc4 Kc6 38. Kd4+ Kd7 39. Kd5
Ra1 40. Rc3 Rb1 41. Rg3 1-0

[Event "4NCL Division 1 & 2"]
[Site "Daventry, ENG"]
[Date "2022.06.26"]
[Round "11.115"]
[White "Walker, Martin G"]
[Black "Varnam, Liam D"]
[Result "1/2-1/2"]
[WhiteElo "2239"]
[BlackElo "2200"]
[PlyCount "92"]
[EventDate "2022.06.26"]
[WhiteTeam "Anglian Avengers"]
[BlackTeam "The Sharks 2"]

1. e4 e5 2. Nf3 Nc6 3. Bc4 Nf6 4. d3 Be7 5. O-O O-O 6. h3 d6 7. a3 Be6 8. Nbd2
Nd7 9. b4 a5 10. Bxe6 fxe6 11. c3 axb4 12. cxb4 Bf6 13. Qb3 Qe7 14. Bb2 Nd4 15.
Bxd4 exd4 16. Rac1 c6 17. Nc4 Kh8 18. a4 e5 19. Rb1 Rfe8 20. Qc2 d5 21. Ncd2
dxe4 22. Nxe4 Nb6 23. a5 Nd5 24. Qb3 Nf4 25. Rb2 Red8 26. Kh2 Qe8 27. g3 Qh5
28. Ng1 Nd5 29. Qd1 Qxd1 30. Rxd1 Nc3 31. Re1 Nxe4 32. Rxe4 Rd5 33. Nf3 Rb5 34.
Rbe2 Rxb4 35. Nxe5 Bxe5 36. Rxe5 h6 37. Rc5 Ra4 38. Re7 R8xa5 39. Rxa5 Rxa5 40.
Rxb7 Ra3 41. Rc7 Rc3 42. Kg2 c5 43. Kf1 Rc2 44. h4 h5 45. Kg2 Rc3 46. Kf1 Rc2
1/2-1/2

[Event "4NCL Division 1 & 2"]
[Site "Daventry, ENG"]
[Date "2022.06.26"]
[Round "11.116"]
[White "Birtwistle, Nigel"]
[Black "Peck, Silas"]
[Result "1-0"]
[WhiteElo "2206"]
[BlackElo "2077"]
[PlyCount "113"]
[EventDate "2022.06.26"]
[WhiteTeam "The Sharks 2"]
[BlackTeam "Anglian Avengers"]

1. e4 e5 2. Nf3 Nc6 3. d4 exd4 4. Bc4 Nf6 5. O-O Nxe4 6. Re1 d5 7. Bxd5 Qxd5 8.
Nc3 Qh5 9. Nxe4 Be6 10. Bg5 Bb4 11. Nxd4 Qxd1 12. Rexd1 Nxd4 13. Rxd4 Be7 14.
Rad1 f6 15. Bf4 Kf7 16. b3 Rhd8 17. c4 Rxd4 18. Rxd4 Rd8 19. Be3 Rxd4 20. Bxd4
Bf5 21. Nc3 a6 22. Kf1 c6 23. Ke2 Bb4 24. Nd1 Bb1 25. Bc3 Bd6 26. Kd2 Bxh2 27.
g3 h5 28. Bd4 g5 29. Nc3 Bf5 30. Ke3 Bg4 31. Ne4 h4 32. Nxf6 hxg3 33. fxg3 Bg1+
34. Ke4 Bxd4 35. Nxg4 Bc3 36. Kf5 Be1 37. Ne5+ Ke7 38. g4 Kd6 39. Nf3 Bc3 40.
Nxg5 Bb2 41. Ne4+ Kc7 42. Ke6 b5 43. c5 a5 44. g5 Bh8 45. g6 b4 46. Nd6 Kb8 47.
Ne8 Ka7 48. g7 Bxg7 49. Nxg7 Ka6 50. Kd6 Kb5 51. Ne6 a4 52. Nd4+ Ka6 53. Nxc6
axb3 54. axb3 Kb5 55. Nxb4 Ka5 56. Kc6 Kxb4 57. Kb6 1-0

[Event "4NCL Division 1 & 2"]
[Site "Daventry, ENG"]
[Date "2022.06.26"]
[Round "11.117"]
[White "Myall, Ivan J"]
[Black "Head, Louise"]
[Result "1/2-1/2"]
[WhiteElo "1979"]
[BlackElo "2093"]
[PlyCount "92"]
[EventDate "2022.06.26"]
[WhiteTeam "Anglian Avengers"]
[BlackTeam "The Sharks 2"]

1. d4 d5 2. Bf4 c5 3. e3 Nf6 4. c3 e6 5. Nd2 Bd6 6. Bg3 Qc7 7. f4 Bd7 8. Bd3
cxd4 9. cxd4 Qb6 10. Rb1 Bb5 11. Qb3 Bxd3 12. Qxd3 Qa6 13. Qxa6 Nxa6 14. a3 Rc8
15. Ngf3 Rc2 16. Kd1 Rc7 17. Ke2 O-O 18. Rhc1 Rfc8 19. Rxc7 Rxc7 20. Kd3 Nb8
21. Ne5 Nc6 22. Bh4 Nd7 23. Nxd7 Rxd7 24. Nb3 Rc7 25. Be1 b6 26. Bd2 h5 27. h3
Ne7 28. g4 hxg4 29. hxg4 g6 30. Rc1 Rxc1 31. Nxc1 f5 32. g5 Kf7 33. Na2 Nc6 34.
b4 Nd8 35. Nc3 Nb7 36. Kc2 Ke7 37. Kb3 Kd7 38. a4 Be7 39. Nd1 a6 40. Nf2 Nd6
41. Nd3 Nc4 42. Ne5+ Nxe5 43. dxe5 Kc6 44. Bc3 Bd8 45. Bd4 Bc7 46. Kc3 Bb8
1/2-1/2

[Event "4NCL Division 1 & 2"]
[Site "Daventry, ENG"]
[Date "2022.06.26"]
[Round "11.118"]
[White "Milson, Samuel A"]
[Black "Mullaparthi, Ganesh"]
[Result "1-0"]
[WhiteElo "2159"]
[BlackElo "1964"]
[PlyCount "63"]
[EventDate "2022.06.26"]
[WhiteTeam "The Sharks 2"]
[BlackTeam "Anglian Avengers"]

1. e4 c6 2. Nf3 d5 3. Nc3 Bg4 4. h3 Bxf3 5. Qxf3 e6 6. exd5 cxd5 7. b3 Nf6 8.
Bb2 a6 9. g4 d4 10. Ne2 Nc6 11. a3 e5 12. Ng3 Rc8 13. g5 Qd5 14. Qd1 Nd7 15.
Bc4 Qg2 16. Qg4 b5 17. Bxf7+ Kd8 18. O-O-O Na5 19. Ne4 Qxg4 20. hxg4 Be7 21. d3
Nb7 22. Kb1 Nbc5 23. Nxc5 Nxc5 24. Bg6 Bxg5 25. Rxh7 Rxh7 26. Bxh7 Kc7 27. Rh1
Rf8 28. Rh5 Ne6 29. Bf5 g6 30. Bxg6 Bf4 31. Bf5 Kd8 32. Bxe6 1-0

[Event "4NCL Division 1 & 2"]
[Site "Daventry, ENG"]
[Date "2022.06.26"]
[Round "11.121"]
[White "Merriman, John"]
[Black "Mason, Donald J"]
[Result "1-0"]
[WhiteElo "2285"]
[BlackElo "2184"]
[PlyCount "89"]
[EventDate "2022.06.26"]
[WhiteTeam "KJCA Kings"]
[BlackTeam "Warwickshire Select 1"]

{[%evp 0,17,45,11,33,-14,34,-7,4,5,48,70,61,59,86,85,80,69,75,56]} 1. d4 Nf6 2.
c4 g6 3. f3 c5 4. d5 e6 5. Nc3 d6 6. e4 exd5 7. cxd5 Bg7 8. Bg5 h6 9. Be3 O-O
10. Qd2 a6 11. a4 Re8 12. Nge2 Nh7 13. Ng3 h5 14. Bd3 Nd7 15. O-O Ne5 16. Be2
h4 17. Nh1 g5 18. Nf2 b6 19. Rab1 Qf6 20. Nfd1 Qg6 21. b4 f5 22. bxc5 bxc5 23.
exf5 Bxf5 24. Rb6 g4 25. f4 Nd3 26. Bxd3 Bxd3 27. f5 Bxf5 28. Bxc5 Be5 29. Ne3
Bd3 30. Rd1 Be4 31. Nxe4 Qxe4 32. Rb4 Bxh2+ 33. Kxh2 Qe5+ 34. Kh1 dxc5 35.
Rxg4+ Kh8 36. Nc4 Qf6 37. Rf4 Re2 38. Qxe2 Qxf4 39. Ne5 Rg8 40. Rf1 Qd4 41. Qh5
Qd2 42. Nf7+ Kg7 43. Qe5+ Kg6 44. Qf5+ Kg7 45. Qg4+ 1-0

[Event "4NCL Division 1 & 2"]
[Site "Daventry, ENG"]
[Date "2022.06.26"]
[Round "11.122"]
[White "Paterson, Andrew I"]
[Black "Ratnesan, Ranesh"]
[Result "0-1"]
[WhiteElo "2140"]
[BlackElo "2280"]
[PlyCount "72"]
[EventDate "2022.06.26"]
[WhiteTeam "Warwickshire Select 1"]
[BlackTeam "KJCA Kings"]

{[%evp 0,10,45,-16,-14,-30,15,9,9,9,9,-27,-32]} 1. c4 Nf6 2. Nc3 c5 3. g3 e6 4.
Nf3 d5 5. cxd5 exd5 6. d4 Nc6 7. Bg2 Be7 8. O-O O-O 9. Bf4 Be6 10. Rc1 Rc8 11.
e3 Ne4 12. dxc5 Nxc5 13. Nd4 Qd7 14. Nxc6 bxc6 15. Qd2 Rfd8 16. Rfd1 Bg4 17. f3
Bh5 18. Ne2 Bg6 19. Qc3 Na4 20. Qd2 c5 21. b3 Nb6 22. Be5 f6 23. Bc3 Bf5 24.
Ba5 Qb7 25. Qe1 Bf8 26. b4 Re8 27. Qd2 Nc4 28. Qxd5+ Qxd5 29. Rxd5 Nxe3 30. Rd2
cxb4 31. Rxc8 Rxc8 32. Nd4 Rc1+ 33. Kf2 Nc4 34. Nb3 Rb1 35. Rd5 Rb2+ 36. Kg1
Rxg2+ 0-1

[Event "4NCL Division 1 & 2"]
[Site "Daventry, ENG"]
[Date "2022.06.26"]
[Round "11.123"]
[White "Harakis, Alexis M"]
[Black "Fallowfield, Jeremy R"]
[Result "1-0"]
[WhiteElo "2298"]
[BlackElo "2122"]
[PlyCount "73"]
[EventDate "2022.06.26"]
[WhiteTeam "KJCA Kings"]
[BlackTeam "Warwickshire Select 1"]

1. d4 Nf6 2. c4 g6 3. Nc3 Bg7 4. e4 d6 5. Be2 O-O 6. Nf3 Nbd7 7. O-O e5 8. Re1
c6 9. Bf1 a6 10. d5 c5 11. a3 Kh8 12. b4 Ng8 13. Rb1 Bh6 14. Bxh6 Nxh6 15. Qd2
Kg7 16. Rb3 Rb8 17. Reb1 b6 18. Na4 Ra8 19. Ng5 Ng8 20. f4 exf4 21. Qxf4 Ne5
22. bxc5 bxc5 23. Nxc5 Qc7 24. Na4 Nxc4 25. Bxc4 Qxc4 26. Nb6 Qd4+ 27. Kh1 Ra7
28. Qxd6 h6 29. Rb4 Qe3 30. Qe5+ f6 31. Ne6+ Bxe6 32. Qxe6 Re7 33. Qg4 f5 34.
Qf3 Rxe4 35. Qxe3 Rxe3 36. Nc4 Rd3 37. Ne5 1-0

[Event "4NCL Division 1 & 2"]
[Site "Daventry, ENG"]
[Date "2022.06.26"]
[Round "11.124"]
[White "James, Russell A"]
[Black "Hand, Freddie"]
[Result "0-1"]
[WhiteElo "2156"]
[BlackElo "2175"]
[PlyCount "80"]
[EventDate "2022.06.26"]
[WhiteTeam "Warwickshire Select 1"]
[BlackTeam "KJCA Kings"]

1. e4 e5 2. Nf3 Nc6 3. Nc3 Nf6 4. Bb5 Bc5 5. O-O O-O 6. Nxe5 Nxe5 7. d4 Bd6 8.
f4 Neg4 9. Be2 Bb4 10. Bxg4 Bxc3 11. bxc3 Nxe4 12. Bf3 d5 13. Bxe4 dxe4 14. f5
f6 15. c4 Re8 16. Be3 b6 17. Rf4 Qe7 18. c3 Qf7 19. d5 Bb7 20. Qf1 c6 21. Rg4
Kh8 22. d6 Ba6 23. Qf4 Bxc4 24. h4 Be2 25. Rg3 h5 26. Re1 Bg4 27. Rxg4 hxg4 28.
Qxg4 Rad8 29. Bf4 e3 30. h5 Rd7 31. h6 gxh6 32. Qh4 h5 33. g4 Rg8 34. g5 fxg5
35. Be5+ Kh7 36. Qe4 Re8 37. Rxe3 Rxd6 38. f6+ Kh6 39. Qf5 Rxe5 40. Qxe5 Qxf6
0-1

[Event "4NCL Division 1 & 2"]
[Site "Daventry, ENG"]
[Date "2022.06.26"]
[Round "11.125"]
[White "Young, Daniel J"]
[Black "Shearsby, Jude"]
[Result "0-1"]
[WhiteElo "1972"]
[BlackElo "2063"]
[PlyCount "66"]
[EventDate "2022.06.26"]
[WhiteTeam "KJCA Kings"]
[BlackTeam "Warwickshire Select 1"]

1. e4 c5 2. Nf3 d6 3. d4 cxd4 4. Nxd4 Nf6 5. Nc3 a6 6. h3 e5 7. Nde2 Be7 8. g4
h6 9. Bg2 Be6 10. O-O Nc6 11. Be3 O-O 12. Nd5 Bxd5 13. exd5 Na5 14. b3 Nh7 15.
Ng3 Bg5 16. Qd2 b6 17. Nf5 Nb7 18. Bxg5 Qxg5 19. Qb4 h5 20. Nxd6 Qe7 21. Qxb6
Nxd6 22. gxh5 Rfb8 23. Qe3 Qg5 24. Qd3 Nf6 25. c4 Nxh5 26. c5 Qxg2+ 27. Kxg2
Nf4+ 28. Kf3 Nxd3 29. cxd6 f5 30. Rfd1 Rd8 31. Ke3 Nb4 32. Rac1 Rxd6 33. Rc5
Rad8 0-1

[Event "4NCL Division 1 & 2"]
[Site "Daventry, ENG"]
[Date "2022.06.26"]
[Round "11.126"]
[White "Pal, Rohan"]
[Black "Bansal, Rohan"]
[Result "1/2-1/2"]
[WhiteElo "2029"]
[BlackElo "1963"]
[PlyCount "48"]
[EventDate "2022.06.26"]
[WhiteTeam "Warwickshire Select 1"]
[BlackTeam "KJCA Kings"]

{[%evp 0,48,20,20,40,26,44,22,80,52,45,31,50,-13,24,9,51,51,52,52,54,46,72,90,
107,60,86,82,96,57,105,60,84,90,96,96,79,14,130,158,166,144,155,123,167,82,163,
36,56,-60,-36]} 1. e4 e6 2. d4 d5 3. Nc3 Be7 4. Nf3 Nf6 5. e5 Nfd7 6. Ne2 b6 7.
Nf4 Ba6 8. Bxa6 Nxa6 9. Qe2 Nab8 10. h4 h6 11. c4 c6 12. b3 Bb4+ 13. Bd2 Qe7
14. a3 Bxd2+ 15. Qxd2 O-O 16. Rh3 Rd8 17. Rg3 Nf8 18. Nh5 Ng6 19. Nxg7 Kxg7 20.
h5 Nd7 21. cxd5 cxd5 22. Qf4 Ndf8 23. Nh4 Rac8 24. Qg4 Qg5 {Illegible
scoresheet from this point} 1/2-1/2

[Event "4NCL Division 1 & 2"]
[Site "Daventry, ENG"]
[Date "2022.06.26"]
[Round "11.127"]
[White "Merriman, James"]
[Black "Dicen, Elis Denele"]
[Result "1-0"]
[WhiteElo "1948"]
[BlackElo "1948"]
[PlyCount "147"]
[EventDate "2022.06.26"]
[WhiteTeam "KJCA Kings"]
[BlackTeam "Warwickshire Select 1"]

1. d4 d5 2. c4 e6 3. Nc3 Nf6 4. cxd5 exd5 5. Bg5 c6 6. e3 Be7 7. Bd3 Nbd7 8.
Qc2 h6 9. Bh4 Nh5 10. Bxe7 Qxe7 11. Nge2 Nb6 12. O-O O-O 13. Rab1 a5 14. a3 Be6
15. b4 axb4 16. axb4 Rfe8 17. Rfc1 Rac8 18. Na4 Nxa4 19. Qxa4 Nf6 20. Nf4 Bd7
21. Qa7 Ng4 22. Rb2 Nf6 23. Qxb7 Rb8 24. Qa7 Rxb4 25. Rxb4 Qxb4 26. Nh5 Qd2 27.
Nxf6+ gxf6 28. Ra1 Be6 29. Bf1 Qc2 30. Qb6 Kg7 31. Ra5 Rc8 32. Rc5 Qa4 33. Qa6
Qxa6 34. Bxa6 Rc7 35. Kf1 Kf8 36. Bb5 Bd7 37. e4 dxe4 38. d5 Ke7 39. dxc6 Be6
40. Rh5 Kd6 41. Rxh6 f5 42. Rh3 Kc5 43. Ba6 Kxc6 44. Rc3+ Kd6 45. Rxc7 Kxc7 46.
g3 Kd6 47. Ke2 Ke5 48. Ke3 f6 49. Be2 Bg8 50. Bh5 Bh7 51. Be8 Ke6 52. Kf4 Ke7
53. Bb5 Kd6 54. h4 Bg6 55. Bf1 Ke7 56. Be2 Kd6 57. h5 Bh7 58. Bf1 Ke7 59. Bc4
Kd6 60. Bf7 Ke7 61. Bg6 Bxg6 62. hxg6 Kf8 63. Kxf5 Kg7 64. g4 Kh6 65. Kxf6 e3
66. g5+ Kh5 67. fxe3 Kh4 68. g7 Kh3 69. g8=Q Kh2 70. g6 Kh1 71. g7 Kh2 72. Qf7
Kh1 73. g8=Q Kh2 74. Qfh7# 1-0

[Event "4NCL Division 1 & 2"]
[Site "Daventry, ENG"]
[Date "2022.06.26"]
[Round "11.128"]
[White "Sandhu, Manvith"]
[Black "Anilkumar, Anantha P"]
[Result "1/2-1/2"]
[WhiteElo "1965"]
[BlackElo "1865"]
[PlyCount "78"]
[EventDate "2022.06.26"]
[WhiteTeam "Warwickshire Select 1"]
[BlackTeam "KJCA Kings"]

1. e4 c5 2. Nf3 d6 3. d4 cxd4 4. Qxd4 Nc6 5. Bb5 Bd7 6. Bxc6 Bxc6 7. Nc3 Nf6 8.
Bg5 e6 9. O-O-O Be7 10. Rhe1 Qc7 11. Kb1 a6 12. Qd2 O-O-O 13. Nd4 h6 14. Nxc6
Qxc6 15. Bf4 g5 16. Be3 Nd7 17. f3 Ne5 18. Qf2 Kb8 19. Bd4 Rhg8 20. h3 Nc4 21.
b3 Na3+ 22. Kb2 Nb5 23. Nxb5 Qxb5 24. Kb1 Rc8 25. Bb2 Qc6 26. Rd2 Rgd8 27. Red1
Rd7 28. Qe2 Rcd8 29. Rd3 d5 30. exd5 Rxd5 31. Rxd5 Rxd5 32. Rxd5 Qxd5 33. Qe5+
Qxe5 34. Bxe5+ Kc8 35. g4 f6 36. Bd4 Kd7 37. c4 e5 38. Bc3 Ke6 39. Kc2 f5
1/2-1/2

[Event "4NCL Division 1 & 2"]
[Site "Daventry, ENG"]
[Date "2022.06.26"]
[Round "11.132"]
[White "Webster, Richard J"]
[Black "Punnett, Alan K"]
[Result "0-1"]
[WhiteElo "2021"]
[BlackElo "2039"]
[PlyCount "52"]
[EventDate "2022.06.26"]
[WhiteTeam "Manchester Manticores 1"]
[BlackTeam "Guildford Castles"]

1. d4 Nf6 2. c4 e6 3. g3 Bb4+ 4. Bd2 Bxd2+ 5. Nxd2 d5 6. Bg2 O-O 7. Ngf3 Nbd7
8. O-O c6 9. Qc2 Re8 10. e4 dxe4 11. Nxe4 Nxe4 12. Qxe4 c5 13. Rad1 Qb6 14. Qc2
cxd4 15. Rxd4 e5 16. Rd5 e4 17. Ng5 Nf6 18. Bxe4 h6 19. Bh7+ Kf8 20. Rb5 Qc6
21. Nxf7 Bh3 22. f3 Kxf7 23. Bg6+ Kg8 24. Bxe8 Rxe8 25. Qb3 Bxf1 26. Kxf1 Qd7
0-1

[Event "4NCL Division 1 & 2"]
[Site "Daventry, ENG"]
[Date "2022.06.26"]
[Round "11.133"]
[White "Drabble, Andrew"]
[Black "Pelling, Kyle"]
[Result "1/2-1/2"]
[WhiteElo "2091"]
[BlackElo "1973"]
[PlyCount "58"]
[EventDate "2022.06.26"]
[WhiteTeam "Guildford Castles"]
[BlackTeam "Manchester Manticores 1"]

1. d4 Nf6 2. c4 e6 3. Nc3 Bb4 4. e3 O-O 5. Bd2 d5 6. Nf3 Nbd7 7. Rc1 c6 8. a3
Bxc3 9. Bxc3 Ne4 10. Bd3 f5 11. O-O Qe8 12. Ne5 Rf6 13. f3 Nxc3 14. Rxc3 Qh5
15. f4 Qxd1 16. Rxd1 Nxe5 17. dxe5 Rf7 18. Kf2 Bd7 19. h3 h5 20. Kg3 g6 21. Kh4
Kg7 22. Be2 Kh6 23. Kg3 Rg7 24. h4 Rd8 25. b4 a6 26. c5 Rc8 27. Kf2 Ra8 28. Rb1
Rgg8 29. a4 Rgb8 1/2-1/2

[Event "4NCL Division 1 & 2"]
[Site "Daventry, ENG"]
[Date "2022.06.26"]
[Round "11.134"]
[White "Lyth, John D"]
[Black "Stimpson, Philip M"]
[Result "0-1"]
[WhiteElo "1915"]
[BlackElo "1953"]
[PlyCount "48"]
[EventDate "2022.06.26"]
[WhiteTeam "Manchester Manticores 1"]
[BlackTeam "Guildford Castles"]

1. d4 d5 2. Nf3 Nf6 3. c4 c6 4. Nc3 e6 5. e3 Nbd7 6. Qc2 Bd6 7. b3 O-O 8. Be2
b6 9. O-O Bb7 10. Bb2 Qe7 11. e4 e5 12. exd5 exd4 13. dxc6 Bxc6 14. Nb5 Bxb5
15. cxb5 Rac8 16. Bc4 Ne5 17. Nxe5 Qxe5 18. g3 Ng4 19. Rfe1 Qh5 20. f4 d3 21.
Qg2 Bc5+ 22. Kh1 Nf2+ 23. Kg1 d2 24. Rf1 d1=Q 0-1

[Event "4NCL Division 1 & 2"]
[Site "Daventry, ENG"]
[Date "2022.06.26"]
[Round "11.135"]
[White "Shepley, Julien M"]
[Black "Lonsdale, Jon I"]
[Result "0-1"]
[WhiteElo "1959"]
[BlackElo "1887"]
[PlyCount "124"]
[EventDate "2022.06.26"]
[WhiteTeam "Guildford Castles"]
[BlackTeam "Manchester Manticores 1"]

1. e4 c5 2. Nc3 Nc6 3. Bb5 Nd4 4. Nf3 Nxb5 5. Nxb5 d5 6. exd5 a6 7. Nc3 Nf6 8.
O-O Nxd5 9. Nxd5 Qxd5 10. h3 e6 11. b3 Be7 12. Bb2 O-O 13. c4 Qh5 14. d4 cxd4
15. Qxd4 f6 16. Rad1 e5 17. Qd5+ Qf7 18. Rfe1 Rb8 19. Qxf7+ Kxf7 20. Re2 Rd8
21. Rxd8 Bxd8 22. c5 Be7 23. b4 a5 24. a3 b6 25. Bxe5 fxe5 26. Nxe5+ Kf8 27.
Nc6 Rb7 28. cxb6 axb4 29. axb4 Bf6 30. b5 Rxb6 31. Ra2 Bd7 32. Ra7 Bf5 33. Ra8+
Kf7 34. Rb8 Rxb8 35. Nxb8 Ke7 36. Nc6+ Kd6 37. Na5 Kc5 38. Nb3+ Kxb5 39. Nd2
Kb4 40. Nf1 Kc3 41. Ng3 Bd3 42. Nf1 Bd4 43. g3 Kc2 44. Nh2 Be4 45. h4 Kd1 46.
Kf1 Bd3+ 47. Kg2 Ke2 48. f3 Bb5 49. h5 h6 50. f4 Bd7 51. g4 Be3 52. Kg3 Bf2+
53. Kg2 Bc6+ 54. Kh3 Ke3 55. g5 Kxf4 56. gxh6 gxh6 57. Nf1 Kg5 58. Nd2 Kxh5 59.
Kh2 Kg4 60. Ne4 Bd4 61. Nf2+ Kf3 62. Nh1 Bd7 0-1

[Event "4NCL Division 1 & 2"]
[Site "Daventry, ENG"]
[Date "2022.06.26"]
[Round "11.136"]
[White "Whitehead, Mark A"]
[Black "Golding, William"]
[Result "1/2-1/2"]
[WhiteElo "1909"]
[BlackElo "1848"]
[PlyCount "30"]
[EventDate "2022.06.26"]
[WhiteTeam "Manchester Manticores 1"]
[BlackTeam "Guildford Castles"]

1. e4 e6 2. d3 g6 3. Nd2 Bg7 4. f4 Ne7 5. Ngf3 b6 6. g3 Bb7 7. Bg2 c5 8. O-O
Nbc6 9. Re1 O-O 10. c3 Qc7 11. Nf1 Rad8 12. Qc2 d5 13. e5 d4 14. c4 h5 15. a3
a5 1/2-1/2

[Event "4NCL Division 1 & 2"]
[Site "Daventry, ENG"]
[Date "2022.06.26"]
[Round "11.137"]
[White "Ratnesan, Rajeiv"]
[Black "Wilson, Jeff"]
[Result "1-0"]
[WhiteElo "1883"]
[BlackElo "1437"]
[PlyCount "42"]
[EventDate "2022.06.26"]
[WhiteTeam "Guildford Castles"]
[BlackTeam "Manchester Manticores 1"]

1. Nf3 f5 2. d3 e6 3. e4 fxe4 4. dxe4 Nf6 5. e5 Nd5 6. c4 Nb6 7. Bd3 Be7 8. Qc2
Nc6 9. Bxh7 Kf8 10. Bg6 d6 11. exd6 cxd6 12. O-O Bf6 13. Rd1 Qe7 14. Na3 a6 15.
Be3 Nd7 16. Rd2 Nde5 17. Nxe5 Nxe5 18. Rad1 Qc7 19. Rxd6 Nc6 20. R6d2 Ne5 21.
Qe4 Bd7 1-0

[Event "4NCL Division 1 & 2"]
[Site "Daventry, ENG"]
[Date "2022.06.26"]
[Round "11.138"]
[White "Pelling, Victor"]
[Black "Golding, Charles B"]
[Result "1/2-1/2"]
[WhiteElo "1128"]
[BlackElo "1500"]
[PlyCount "34"]
[EventDate "2022.06.26"]
[WhiteTeam "Manchester Manticores 1"]
[BlackTeam "Guildford Castles"]

1. e4 Nc6 2. Nf3 Nf6 3. Nc3 e6 4. Bb5 Bb4 5. O-O Bxc3 6. bxc3 Nxe4 7. Qe1 Nf6
8. d4 O-O 9. Bg5 d5 10. Ne5 Na5 11. Qe2 c6 12. Bd3 b5 13. f4 Ba6 14. a4 Nc4 15.
f5 Nxe5 16. dxe5 h6 17. Bh4 g5 1/2-1/2